01049nam a2200229 a 450000100100000000500170001000800410002704000250006808200160009310000370010924502240014626000570037030000270042749000270045450000730048159000260055470000410058070000330062183000340065495201140068899900170080200004798620201002060839.0181010s1989 dr r 000 0 spa d aDO-SdBNPbspacBNPHU axxxxbM832i1 aMorbán Laucer, Dernando97550110aInforme preliminar en relación a las osamentas encontradas por la comisión nombrada por el poder ejecutivo mediante decreto no. 132-88 /cFernando Morbán Laucer, Abelardo Jiménez Lambertus, Harold Olsen Bogaert. aSanto Domingo :bMuseo del Hombre Dominicano,c1989. a27 p. :bil. ;c21 cm.1 aPapeles ocacionalesv8 aIncluye referencias bibliográficas y notas al pie de las páginas aInventariado, 2018/BT1 aJiménez Lambertus, Abelardo9215711 aOlsen Bogaert, Harold923292 0aPapeles ocacionalesn8975502 0010718PDaPDbPDcHDd2018-10-10iLF1l0oxxxx M832ip47986-10r2020-06-25w2020-06-25yLFPDZNo se presta c47474d47474